Renewable energy in power systems

Kaydedildi:
Detaylı Bibliyografya
Yazar:  Leon, Freris
Materyal Türü: Sách
Dil:Undetermined
Baskı/Yayın Bilgisi:  John Wiley & Sons  2008
Konular:
Etiketler: Etiketle
Etiket eklenmemiş, İlk siz ekleyin!
Thư viện lưu trữ: Trung tâm Thư viện - Trường Đại học Công nghiệp TP. Hồ Chí Minh
LEADER 00517nam a2200157Ia 4500
001 UIH_04347
008 231011s9999 xx 000 0 und d
082 |a  621.042 
100 |a  Leon, Freris 
245 0 |a  Renewable energy in power systems 
245 0 |c  Leon, Freris 
260 |b  John Wiley & Sons 
260 |c  2008 
650 |a  Năng lượng tái tạo; Nguồn năng lượng;  
927 |a Sách 
980 |a Trung tâm Thư viện - Trường Đại học Công nghiệp TP. Hồ Chí Minh